[Event "9. LGA Premium Cup 2012"]
[Site "Nürnberg"]
[Date "2012.09.06"]
[Round "1.34"]
[White "Carow, Annelen"]
[Black "Eisenbeiser, Amadeus"]
[Result "0-1"]
[WhiteElo "1968"]
[BlackElo "2378"]
[PlyCount "84"]
[EventDate "2012.??.??"]
[WhiteTeam "Sfr.Heidesheim"]
[BlackTeam "BG Buchen"]

1. d4 f5 2. c4 Nf6 3. Nf3 g6 4. g3 Bg7 5. Bg2 O-O 6. O-O d6 7. Nc3 Qe8 8. b3
Na6 9. Ba3 c5 10. Rc1 Ne4 11. Bb2 Nxc3 12. Bxc3 Rb8 13. dxc5 Bxc3 14. Rxc3 Nxc5
15. Qd5+ Be6 16. Qd4 h6 17. Rcc1 a5 18. Qd2 g5 19. Qxa5 Bd7 20. Qd2 Rf6 21. Nd4
e5 22. Nc2 f4 23. b4 Na4 24. Na1 Kg7 25. Nb3 g4 26. Rfd1 Bc6 27. Bxc6 bxc6 28.
a3 Qh5 29. Qe1 Rbf8 30. gxf4 Rxf4 31. Kh1 Rxf2 32. Qg1 Rxe2 33. Rf1 Qg6 34.
Qa7+ Rf7 35. Qxf7+ Qxf7 36. Rxf7+ Kxf7 37. Na5 d5 38. b5 d4 39. Nxc6 d3 40. Rd1
d2 41. Nxe5+ Ke8 42. Rxd2 Rxd2 0-1

[Event "9. LGA Premium Cup 2012"]
[Site "Nürnberg"]
[Date "2012.09.06"]
[Round "1.35"]
[White "Breutigam, Martin"]
[Black "Roß, Thomas"]
[Result "1-0"]
[WhiteElo "2374"]
[BlackElo "2035"]
[PlyCount "89"]
[EventDate "2012.??.??"]
[WhiteTeam "SK Union Oldenburg"]
[BlackTeam "SG Büchenbach/Roth e.V."]

1. Nf3 d6 2. c4 e5 3. Nc3 Nd7 4. g3 Ngf6 5. Bg2 Be7 6. O-O O-O 7. Rb1 a5 8. a3
c6 9. d3 Re8 10. Nd2 Nc5 11. b4 axb4 12. axb4 Ne6 13. Nde4 Nxe4 14. Bxe4 Rf8
15. b5 Bd7 16. Bg2 f5 17. Bd2 f4 18. Ne4 Qe8 19. Bb4 c5 20. Bc3 b6 21. Ra1 Rxa1
22. Qxa1 Ng5 23. Nxg5 Bxg5 24. Qa7 Bd8 25. Qb7 Kh8 26. Ra1 fxg3 27. hxg3 Qf7
28. Bf3 Bf5 29. Qxf7 Rxf7 30. Ra8 Rf8 31. Rb8 h6 32. Bd5 h5 33. Kg2 Kh7 34. Bd2
Kg6 35. f4 h4 36. gxh4 Kh5 37. Bf3+ Bg4 38. Bxg4+ Kxg4 39. fxe5 Kxh4 40. exd6
Kg4 41. e4 g6 42. Be1 Kf4 43. Bg3+ Ke3 44. d7 Ke2 45. e5 1-0

[Event "9. LGA Premium Cup 2012"]
[Site "Nürnberg"]
[Date "2012.09.06"]
[Round "1.36"]
[White "Schellmann, Frank"]
[Black "Gutman, Lev"]
[Result "1/2-1/2"]
[WhiteElo "2120"]
[BlackElo "2477"]
[PlyCount "137"]
[EventDate "2012.??.??"]
[WhiteTeam "Deutscher Blinden- und Sehbehind"]
[BlackTeam "SV Lingen"]

1. e4 c5 2. c3 d5 3. exd5 Qxd5 4. d4 Nf6 5. Nf3 g6 6. Na3 cxd4 7. Bc4 Qe4+ 8.
Be3 Be6 9. Bxe6 Qxe6 10. Nxd4 Qd7 11. Nc4 Bg7 12. Ne5 Qd5 13. Qa4+ Nbd7 14.
Nxd7 Qxd7 15. Qxd7+ Nxd7 16. Nb5 O-O 17. O-O-O Ne5 18. Kb1 a6 19. Nc7 Rac8 20.
Nd5 Rfe8 21. Bd4 Nc4 22. Bxg7 Kxg7 23. Rhe1 Kf8 24. Ne3 Nd6 25. Rd4 Rc5 26. g3
b5 27. Ng4 Nc4 28. f4 f6 29. Ne3 e5 30. Rd5 Rxd5 31. Nxd5 Kf7 32. fxe5 fxe5 33.
b3 Nd2+ 34. Kc2 Nf3 35. Rf1 e4 36. c4 bxc4 37. bxc4 Rc8 38. Kc3 Ke6 39. Rb1 Rc6
40. Rb7 Ne5 41. Rb6 Rxb6 42. Nxb6 Kd6 43. Kd4 Nf3+ 44. Kxe4 Nxh2 45. Nd5 Nf1
46. g4 Nd2+ 47. Kd3 Nf3 48. Nf6 h6 49. Ke4 Ng5+ 50. Kd3 Ne6 51. Ng8 h5 52. gxh5
gxh5 53. Ke4 Kc5 54. Nf6 h4 55. Kf5 Nc7 56. Kg4 Kxc4 57. Kxh4 Kb4 58. Ne4 a5
59. Nd6 a4 60. Ne4 Nb5 61. Kg4 Nc3 62. a3+ Kc4 63. Kf4 Nb5 64. Ke3 Nxa3 65. Kd2
Kb4 66. Kc1 Nc4 67. Kb1 Ne3 68. Ka2 a3 69. Nd2 1/2-1/2

[Event "9. LGA Premium Cup 2012"]
[Site "Nürnberg"]
[Date "2012.09.06"]
[Round "1.37"]
[White "Klyszcz, Michael"]
[Black "Zelbel, Patrick"]
[Result "1/2-1/2"]
[WhiteElo "2023"]
[BlackElo "2368"]
[PlyCount "119"]
[EventDate "2012.??.??"]
[WhiteTeam "SG 1871 Löberitz"]
[BlackTeam "Schachclub Hansa Dortmund e.V."]

1. e4 c5 2. Nf3 d6 3. c3 Nf6 4. Na3 Nc6 5. d3 g6 6. Bg5 Bg7 7. Be2 h6 8. Bd2 a6
9. Nc2 c4 10. O-O Bg4 11. dxc4 Nxe4 12. Be3 O-O 13. Re1 Rc8 14. h3 Bd7 15. Ncd4
Na5 16. Qd3 f5 17. Qc2 e5 18. Nb3 Nxc4 19. Bxc4+ Rxc4 20. Nbd2 Nxd2 21. Qxd2
Kh7 22. Qxd6 Rc6 23. Qb4 Qc7 24. Rad1 Be6 25. a3 Bc4 26. Qa4 b5 27. Qc2 Qf7 28.
Nd2 Bd5 29. f3 Rd8 30. a4 b4 31. Qd3 bxc3 32. bxc3 Rd7 33. Qe2 Rdc7 34. Nb1 Bb3
35. Rd8 Bxa4 36. Qd2 Bb3 37. Qb2 a5 38. Rb8 a4 39. Qa3 Qe7 40. Qb4 Qxb4 41.
cxb4 Rc2 42. Bc5 Rb2 43. Ra8 Rd7 44. b5 Bc2 45. Na3 Rd2 46. Nc4 Rxb5 47. Nxd2
Rxc5 48. Rc1 Rc6 49. Nb1 Be4 50. Rxc6 Bxc6 51. Ra6 Bb5 52. Ra5 Bd3 53. Na3 e4
54. Rxa4 e3 55. Ra7 Kg8 56. Ra8+ Kf7 57. Ra7+ Kg8 58. Ra8+ Kf7 59. Ra7+ Kg8 60.
Ra8+ 1/2-1/2

[Event "9. LGA Premium Cup 2012"]
[Site "Nürnberg"]
[Date "2012.09.06"]
[Round "1.38"]
[White "Grimberg, Boris"]
[Black "Werner, Thomas"]
[Result "1-0"]
[WhiteElo "2365"]
[BlackElo "2022"]
[PlyCount "47"]
[EventDate "2012.??.??"]
[WhiteTeam "SAbt TSV Haunstetten"]
[BlackTeam "SW Nürnberg Süd e.V."]

1. e4 c6 2. Nf3 d5 3. Nc3 Bg4 4. h3 Bxf3 5. Qxf3 Nf6 6. d4 e6 7. Bd3 dxe4 8.
Nxe4 Nbd7 9. c3 Nxe4 10. Bxe4 Nf6 11. Bc2 Qc7 12. O-O O-O-O 13. b4 Nd5 14. a3
g6 15. c4 Nb6 16. Bf4 Qd7 17. Bb3 Bg7 18. Rad1 Qe7 19. d5 e5 20. Rfe1 cxd5 21.
c5 Nc4 22. Rxd5 Qf6 23. Qg4+ Kb8 24. Bg5 1-0

[Event "9. LGA Premium Cup 2012"]
[Site "Nürnberg"]
[Date "2012.09.06"]
[Round "1.39"]
[White "Luther, Helmut"]
[Black "Donchenko, Anatoly"]
[Result "0-1"]
[WhiteElo "2017"]
[BlackElo "2364"]
[PlyCount "52"]
[EventDate "2012.??.??"]
[WhiteTeam "SW Nürnberg Süd e.V."]
[BlackTeam "SK 1858 Gießen"]

1. d4 d5 2. Nf3 Nf6 3. c4 dxc4 4. Nc3 e6 5. e3 c5 6. Bxc4 a6 7. O-O b5 8. Bd3
Bb7 9. b3 Nbd7 10. Bb2 Be7 11. Qe2 O-O 12. Rfd1 cxd4 13. Nxd4 Qb6 14. Rac1 Rac8
15. Bb1 Rc7 16. Nf3 Rfc8 17. h3 Qa5 18. e4 Bb4 19. e5 Bxc3 20. Rxc3 Rxc3 21.
exf6 Bxf3 22. gxf3 Nxf6 23. Qe5 Nd5 24. Qh5 g6 25. Qh6 Qc7 26. Kg2 Qf4 0-1

[Event "9. LGA Premium Cup 2012"]
[Site "Nürnberg"]
[Date "2012.09.06"]
[Round "1.40"]
[White "Köpke, Christian"]
[Black "Fiedler, Wolfgang"]
[Result "1-0"]
[WhiteElo "2364"]
[BlackElo "2016"]
[PlyCount "123"]
[EventDate "2012.??.??"]
[WhiteTeam "SC Garching 1980 e.V."]
[BlackTeam "SK Zirndorf e.V."]

1. e4 c5 2. Nf3 Nc6 3. d4 cxd4 4. Nxd4 e5 5. Nb5 a6 6. Nd6+ Bxd6 7. Qxd6 Qe7 8.
Qd1 Nf6 9. Nc3 h6 10. Be2 d6 11. Be3 Be6 12. O-O O-O 13. Re1 Qc7 14. Qd2 Rfd8
15. Nd5 Bxd5 16. exd5 Ne7 17. c4 Nf5 18. Rac1 Nxe3 19. fxe3 a5 20. Rf1 b6 21.
Kh1 Qe7 22. Bd3 g6 23. e4 Kg7 24. Rf3 Rf8 25. Qf2 Nd7 26. Rf1 Nc5 27. Bc2 Ra7
28. b3 f6 29. Qe3 Qd8 30. Rh3 Rh8 31. a3 Nd7 32. Bd1 Rc7 33. Rg3 a4 34. b4 Rxc4
35. Bxa4 Rc7 36. Qf2 Rf8 37. Qf5 g5 38. Rh3 Nb8 39. Qf2 Nd7 40. Qf5 Nb8 41. Qf2
Nd7 42. Bc6 Rf7 43. Rc3 Ra7 44. Rfc1 Nf8 45. Bb5 Rac7 46. Rc6 Rxc6 47. Rxc6 Rb7
48. h3 Ng6 49. Ba6 Rb8 50. a4 Ne7 51. Rc3 Ra8 52. Bb5 Rc8 53. Bc6 Qc7 54. Rc4
Rb8 55. Qc2 Rc8 56. Bb5 Qb7 57. Rxc8 Qxc8 58. Qxc8 Nxc8 59. Bd7 Na7 60. b5 Kg6
61. a5 Nxb5 62. axb6 1-0

[Event "9. LGA Premium Cup 2012"]
[Site "Nürnberg"]
[Date "2012.09.06"]
[Round "1.41"]
[White "Siegel, Adrian"]
[Black "Richter, Christian"]
[Result "1-0"]
[WhiteElo "2015"]
[BlackElo "2362"]
[PlyCount "109"]
[EventDate "2012.??.??"]
[WhiteTeam "SC Garching 1980 e.V."]
[BlackTeam "Schachklub Turm Emsdetten e.V."]

1. d4 Nf6 2. Nf3 g6 3. Bg5 Bg7 4. Nbd2 d6 5. e4 h6 6. Bh4 g5 7. Bg3 Nh5 8. c3
c5 9. d5 Nd7 10. Be2 a6 11. a4 b6 12. Qc2 Rb8 13. O-O Nxg3 14. hxg3 Bf6 15. Nc4
Nf8 16. Rfd1 Ng6 17. Ne3 g4 18. Nd2 h5 19. Nf5 Kf8 20. Nc4 Ne5 21. Nce3 Kg8 22.
f4 gxf3 23. gxf3 Ng6 24. Kf2 Kf8 25. Ng2 Ke8 26. Qd2 Kd7 27. Rh1 Kc7 28. Rad1
Rh7 29. f4 Qe8 30. Qc2 h4 31. Nfxh4 Nxh4 32. gxh4 Qh8 33. h5 Bd7 34. Bf3 Rg8
35. Qe2 Kb7 36. e5 Bg7 37. e6 fxe6 38. dxe6+ Bc6 39. Bxc6+ Kxc6 40. Qe4+ Kc7
41. Rd5 Bh6 42. Nh4 Bxf4 43. Qxf4 Rxh5 44. Ng6 Rf5 45. Rxh8 Rxf4+ 46. Nxf4 Rxh8
47. Rh5 Rf8 48. Ke3 Rg8 49. Ke4 Rg7 50. Kf5 Kc6 51. Rg5 Rh7 52. Nh5 Rh6 53. Nf4
Rh7 54. Kg6 Rh2 55. Nd5 1-0

[Event "9. LGA Premium Cup 2012"]
[Site "Nürnberg"]
[Date "2012.09.06"]
[Round "1.42"]
[White "Mons, Leon"]
[Black "Bingert, Tim Niklas"]
[Result "1-0"]
[WhiteElo "2338"]
[BlackElo "1931"]
[PlyCount "47"]
[EventDate "2012.??.??"]
[WhiteTeam "SC Forchheim e.V."]
[BlackTeam "SK Langen"]

1. e4 c5 2. Nf3 Nc6 3. Bb5 e6 4. O-O Nge7 5. c3 d5 6. exd5 Qxd5 7. d4 cxd4 8.
Nxd4 Bd7 9. Be2 Nxd4 10. cxd4 Nf5 11. Nc3 Qxd4 12. g4 Qxd1 13. Rxd1 Nh6 14. Nb5
O-O-O 15. Bf4 Bxb5 16. Bxb5 Rxd1+ 17. Rxd1 Bb4 18. g5 Ng8 19. a3 Ba5 20. Bd7+
Kd8 21. Bxe6+ Ke7 22. Bf5 g6 23. Be5 f6 24. Rd7+ 1-0

[Event "9. LGA Premium Cup 2012"]
[Site "Nürnberg"]
[Date "2012.09.06"]
[Round "1.43"]
[White "Adler, Herbert"]
[Black "Troyke, Christian"]
[Result "0-1"]
[WhiteElo "2011"]
[BlackElo "2353"]
[PlyCount "90"]
[EventDate "2012.??.??"]
[WhiteTeam "SG Büchenbach/Roth e.V."]
[BlackTeam "Erfurter Schachklub"]

1. d4 g6 2. g3 Bg7 3. Bg2 Nf6 4. Nf3 O-O 5. c4 d6 6. O-O Nbd7 7. Nc3 e5 8. e4
exd4 9. Nxd4 Re8 10. Re1 a6 11. b3 Rb8 12. a4 a5 13. Ra2 Nc5 14. h3 Bd7 15. f4
c6 16. Kh2 Qb6 17. Ba3 Rbd8 18. Rd2 Bc8 19. Qc2 Rd7 20. Red1 Rde7 21. Bxc5 Qxc5
22. Nde2 Qh5 23. Qd3 Ng4+ 24. Kg1 Qc5+ 25. Nd4 Ne5 26. Qe3 Nd7 27. Qf2 Qb6 28.
Rb1 Nc5 29. Nde2 Qb4 30. Rc2 f5 31. e5 dxe5 32. Na2 Qb6 33. Nac3 exf4 34. Nxf4
Nd7 35. Qxb6 Nxb6 36. Nfe2 Nd7 37. Kf2 Nc5 38. Bf3 Re3 39. h4 Nd3+ 40. Kg2 Ne5
41. Rf1 f4 42. gxf4 Bf5 43. Rcc1 Nxf3 44. Rxf3 Rxe2+ 45. Nxe2 Rxe2+ 0-1

[Event "9. LGA Premium Cup 2012"]
[Site "Nürnberg"]
[Date "2012.09.06"]
[Round "1.44"]
[White "Szabo, Bence"]
[Black "Straschewski, Jörg"]
[Result "1-0"]
[WhiteElo "2348"]
[BlackElo "2008"]
[PlyCount "63"]
[EventDate "2012.??.??"]
[WhiteTeam "SG Büchenbach/Roth e.V."]
[BlackTeam "TSV Cadolzburg e.V."]

1. d4 Nf6 2. c4 g6 3. Nc3 Bg7 4. e4 d6 5. Nf3 O-O 6. h3 Na6 7. Bg5 Qe8 8. Be2
e5 9. d5 Nh5 10. O-O Nf4 11. Bxf4 exf4 12. Qd2 Be5 13. Nxe5 Qxe5 14. Bf3 Bd7
15. Ne2 g5 16. b4 f5 17. exf5 Bxf5 18. Nd4 Rae8 19. a3 Qf6 20. Rae1 Bd7 21. Bh5
Re5 22. Rxe5 dxe5 23. Nb3 e4 24. Re1 Be8 25. Bg4 Bg6 26. b5 Nb8 27. Nc5 b6 28.
Nxe4 Bxe4 29. Rxe4 Qa1+ 30. Kh2 Qxa3 31. Qd4 h6 32. Re6 1-0

[Event "9. LGA Premium Cup 2012"]
[Site "Nürnberg"]
[Date "2012.09.06"]
[Round "1.45"]
[White "Osmanovic, Faruk"]
[Black "Klundt, Klaus"]
[Result "0-1"]
[WhiteElo "2006"]
[BlackElo "2347"]
[PlyCount "92"]
[EventDate "2012.??.??"]
[WhiteTeam "SC Blauer Turm Bad Wimpfen"]
[BlackTeam "SC Heusenstamm"]

1. e4 c5 2. Nf3 Nc6 3. d4 cxd4 4. Nxd4 Qb6 5. Nb3 Nf6 6. Nc3 e6 7. Be3 Qc7 8.
f4 Bb4 9. Qf3 d5 10. Bd3 dxe4 11. Bxe4 Nxe4 12. Qxe4 O-O 13. O-O-O Bxc3 14.
bxc3 b6 15. Nd4 Nxd4 16. Bxd4 Bb7 17. Qe5 Qxe5 18. Bxe5 Bd5 19. Kb2 f6 20. Bd6
Rfd8 21. Rhe1 Kf7 22. g3 Rxd6 23. c4 Rad8 24. cxd5 Rxd5 25. Rxd5 Rxd5 26. Re2
h5 27. c4 Rd3 28. Kc2 Rf3 29. Rd2 Ke7 30. Kd1 h4 31. gxh4 Rxf4 32. Rg2 Kf7 33.
Rd2 Rxc4 34. Rd7+ Kg6 35. h5+ Kxh5 36. Rxg7 Ra4 37. Rg2 e5 38. Kc1 f5 39. Kb2
e4 40. Kb3 b5 41. Rg8 f4 42. Rf8 Kg4 43. Rg8+ Kf3 44. h4 e3 45. h5 e2 46. Rg1
Re4 0-1

[Event "9. LGA Premium Cup 2012"]
[Site "Nürnberg"]
[Date "2012.09.06"]
[Round "1.46"]
[White "Beesk, Kevin"]
[Black "Schatz, Christian"]
[Result "1/2-1/2"]
[WhiteElo "1822"]
[BlackElo "2222"]
[PlyCount "44"]
[EventDate "2012.??.??"]
[WhiteTeam "SK Neumarkt e.V."]
[BlackTeam "Schachzentrum Fürth 2002"]

1. Nc3 c5 2. Nf3 Nc6 3. d4 cxd4 4. Nxd4 g6 5. Bg5 Bg7 6. Ndb5 a6 7. Nd6+ Kf8 8.
Qd5 e6 9. Bxd8 Bxc3+ 10. bxc3 exd5 11. Bb6 Nf6 12. f3 Ne8 13. Nxe8 Kxe8 14. Bc5
d6 15. Bxd6 Be6 16. e3 Rd8 17. Bc5 f6 18. Bd3 Kf7 19. Kf2 Rd7 20. a4 Rc8 21.
Rab1 Ne5 22. Bd4 Nc4 1/2-1/2

[Event "9. LGA Premium Cup 2012"]
[Site "Nürnberg"]
[Date "2012.09.06"]
[Round "1.48"]
[White "Frey, Alisa"]
[Black "Espig, Lutz"]
[Result "1-0"]
[WhiteElo "2005"]
[BlackElo "2329"]
[PlyCount "93"]
[EventDate "2012.??.??"]
[WhiteTeam "SC Eppingen"]
[BlackTeam "Schachklub König Plauen"]

1. e4 c5 2. Nf3 e6 3. d4 cxd4 4. Nxd4 Nf6 5. Nc3 d6 6. Be3 Nc6 7. f3 Be7 8. Qd2
O-O 9. O-O-O d5 10. exd5 Nxd5 11. Nxd5 Qxd5 12. Nxc6 Qxc6 13. Qa5 b6 14. Qb5
Qc7 15. Bd3 Bc5 16. Bxc5 bxc5 17. Qa4 Rb8 18. Qe4 g6 19. c3 Qa5 20. Bc4 Ba6 21.
Rd6 Rb6 22. Rhd1 Qa4 23. Bxa6 Qxa6 24. Rxb6 axb6 25. a3 b5 26. Rd7 b4 27. axb4
cxb4 28. Qxb4 Qf1+ 29. Rd1 Qxg2 30. Qf4 Qe2 31. Rd2 Qf1+ 32. Kc2 Ra8 33. Qf6 h5
34. h4 e5 35. Qc6 Rb8 36. b4 Qa1 37. Qc7 Qa4+ 38. Kb2 Qb5 39. Rd8+ Rxd8 40.
Qxd8+ Kg7 41. Kb3 Qc6 42. Qd3 f5 43. b5 Qc5 44. c4 Kf6 45. Qd8+ Ke6 46. b6 Qe3+
47. Kb4 1-0

[Event "9. LGA Premium Cup 2012"]
[Site "Nürnberg"]
[Date "2012.09.06"]
[Round "1.49"]
[White "Berchtenbreiter, Maximilian"]
[Black "Hartmann, Thomas"]
[Result "1-0"]
[WhiteElo "2328"]
[BlackElo "2005"]
[PlyCount "45"]
[EventDate "2012.??.??"]
[WhiteTeam "SGem Pang/Rosenheim"]
[BlackTeam "SC Weisse Dame Ulm e.V."]

1. e4 d5 2. exd5 Nf6 3. d4 Bg4 4. Be2 Bxe2 5. Qxe2 Qxd5 6. Nf3 Nc6 7. O-O O-O-O
8. Be3 e6 9. c4 Qh5 10. Nc3 Rg8 11. Ng5 Qg6 12. Rad1 h6 13. Nh3 Qf5 14. c5 g5
15. b4 g4 16. Nf4 e5 17. dxe5 Rxd1 18. Rxd1 Nxe5 19. Nb5 Nf3+ 20. Kh1 c6 21.
Nxa7+ Kb8 22. Rd8+ Kxa7 23. Qb2 1-0

[Event "9. LGA Premium Cup 2012"]
[Site "Nürnberg"]
[Date "2012.09.06"]
[Round "1.50"]
[White "Süß, Helmut"]
[Black "Kersten, Uwe"]
[Result "0-1"]
[WhiteElo "1995"]
[BlackElo "2320"]
[PlyCount "100"]
[EventDate "2012.??.??"]
[WhiteTeam "SC Noris-Tarrasch Nürnberg 1873"]
[BlackTeam "Kasseler SK 1876"]

1. d4 d6 2. c4 e5 3. dxe5 dxe5 4. Qxd8+ Kxd8 5. g3 Be6 6. b3 Bb4+ 7. Bd2 a5 8.
Nc3 Nd7 9. Bh3 Bxh3 10. Nxh3 c6 11. Ng5 Nh6 12. O-O Kc7 13. Rfd1 Rab8 14. Na4
b6 15. a3 Be7 16. b4 axb4 17. axb4 Bxg5 18. Bxg5 Nf5 19. b5 Nd4 20. Nc3 Ra8 21.
bxc6 Kxc6 22. Be7 Rxa1 23. Rxa1 Re8 24. Bg5 Kb7 25. Kf1 Rc8 26. Nb5 Nxb5 27.
cxb5 Rc2 28. Rd1 Kc7 29. Rb1 Nc5 30. Be3 Na4 31. Ke1 Nc3 32. Rc1 Rxc1+ 33. Bxc1
Nxb5 34. Bb2 f6 35. Kd2 Kc6 36. Kd3 Kc5 37. e3 Nd6 38. Ba3+ Kd5 39. f3 e4+ 40.
fxe4+ Nxe4 41. Bf8 g6 42. Be7 f5 43. Bd8 b5 44. Ba5 Nf2+ 45. Ke2 Ng4 46. h3 Ne5
47. Bc3 Ke4 48. Bd4 Nc4 49. Bc5 h6 50. h4 h5 0-1

[Event "9. LGA Premium Cup 2012"]
[Site "Nürnberg"]
[Date "2012.09.06"]
[Round "1.51"]
[White "Zwahr, Paul"]
[Black "Berger, Stefan"]
[Result "1-0"]
[WhiteElo "2320"]
[BlackElo "1988"]
[PlyCount "75"]
[EventDate "2012.??.??"]
[WhiteTeam "SG Grün-Weiß Dresden"]
[BlackTeam "Kasseler SK 1876"]

1. e4 c6 2. d4 d5 3. Nc3 dxe4 4. Nxe4 Nd7 5. Ng5 Ngf6 6. Bd3 e6 7. N1f3 Bd6 8.
Qe2 h6 9. Ne4 Nxe4 10. Qxe4 Qc7 11. Qg4 Kf8 12. O-O g5 13. Qh3 Kg7 14. Re1 e5
15. Bf5 exd4 16. Nxd4 Be5 17. Be3 a6 18. Rad1 Nf6 19. Bxc8 Raxc8 20. Nf5+ Kg6
21. Bc5 Rcd8 22. Nd6 Bxd6 23. Qd3+ Kg7 24. Bxd6 Qa5 25. c3 Rhe8 26. Rxe8 Rxe8
27. a3 Qd5 28. Qxd5 Nxd5 29. g3 b5 30. Rc1 Re6 31. Bc5 Kg6 32. Kf1 g4 33. c4
Nf6 34. cxb5 cxb5 35. Be3 Ne4 36. Rc8 h5 37. Rh8 Ng5 38. Rg8+ 1-0

[Event "9. LGA Premium Cup 2012"]
[Site "Nürnberg"]
[Date "2012.09.06"]
[Round "1.54"]
[White "Stabernack, Joschi"]
[Black "Heidrich, Manfred"]
[Result "1-0"]
[WhiteElo "1970"]
[BlackElo "2309"]
[PlyCount "61"]
[EventDate "2012.??.??"]
[WhiteTeam "Kasseler SK 1876"]
[BlackTeam "SC Forchheim e.V."]

1. e4 e5 2. Nf3 Nc6 3. Bc4 Bc5 4. b4 Bxb4 5. c3 Ba5 6. Qb3 Qe7 7. d4 d6 8. O-O
Bb6 9. a4 Na5 10. Qa2 Nxc4 11. Qxc4 Be6 12. Qd3 c6 13. dxe5 O-O-O 14. a5 Bc5
15. a6 b5 16. Qc2 Bc4 17. Rd1 Qe6 18. Nd4 Bxd4 19. cxd4 dxe5 20. Be3 Nf6 21. d5
cxd5 22. Bxa7 Nxe4 23. f3 Nf6 24. Na3 Qc6 25. Nxc4 bxc4 26. Rdb1 Kd7 27. Rb6
Qc8 28. Qf5+ Ke8 29. Qxe5+ Kf8 30. Rb8 Qd7 31. Bc5+ 1-0

[Event "9. LGA Premium Cup 2012"]
[Site "Nürnberg"]
[Date "2012.09.06"]
[Round "1.56"]
[White "Heppert, Lars"]
[Black "Heinig, Wolfram"]
[Result "0-1"]
[WhiteElo "1956"]
[BlackElo "2304"]
[PlyCount "60"]
[EventDate "2012.??.??"]
[WhiteTeam "SV Haunwöhr SAbt"]
[BlackTeam "SK Zehlendorf e.V."]

1. c4 g6 2. g3 Bg7 3. Bg2 Nf6 4. Nc3 O-O 5. d4 d6 6. Nf3 Nbd7 7. O-O e5 8. e4
a6 9. h3 b5 10. dxe5 dxe5 11. Qe2 c6 12. cxb5 axb5 13. b4 Qe7 14. Rb1 Nb6 15.
Rd1 Re8 16. Be3 Nfd7 17. Rdc1 Nc4 18. Nd2 Nxe3 19. Qxe3 Nf8 20. Rc2 Be6 21. Nd5
cxd5 22. exd5 Bf5 23. Ne4 Rec8 24. Rd2 Bxe4 25. d6 Qd7 26. Bxe4 Ra6 27. Rbd1
Ne6 28. f4 exf4 29. Qf3 Rc3 30. Rd3 Nd4 0-1

[Event "9. LGA Premium Cup 2012"]
[Site "Nürnberg"]
[Date "2012.09.06"]
[Round "1.58"]
[White "Ortpaul, Mario"]
[Black "Afek, Yochanan"]
[Result "0-1"]
[WhiteElo "1947"]
[BlackElo "2301"]
[PlyCount "58"]
[EventDate "2012.??.??"]
[WhiteTeam "Schachklub Werther 1949 e.V."]
[BlackTeam "Schachverein Castrop-Rauxel 1923"]

1. c3 d5 2. f4 c5 3. Nf3 Nc6 4. g3 Nf6 5. Bg2 Bf5 6. d3 Qd7 7. O-O h5 8. Ng5 h4
9. e4 dxe4 10. dxe4 Qxd1 11. Rxd1 Bg4 12. Re1 hxg3 13. hxg3 e5 14. Na3 Nh5 15.
Kf2 Be7 16. Nf3 Bxf3 17. Kxf3 Nxg3 18. Be3 exf4 19. Bxf4 Nh5 20. Rh1 Rd8 21.
Ke3 c4 22. Nxc4 Bc5+ 23. Kf3 Rd3+ 24. Be3 Ne5+ 25. Kf2 Bxe3+ 26. Nxe3 Rd2+ 27.
Ke1 Rxb2 28. Bf1 g6 29. Nd5 O-O 0-1

[Event "9. LGA Premium Cup 2012"]
[Site "Nürnberg"]
[Date "2012.09.06"]
[Round "1.59"]
[White "Hirschberg, Valerian"]
[Black "Renner, Gabriele"]
[Result "1-0"]
[WhiteElo "2292"]
[BlackElo "1946"]
[PlyCount "75"]
[EventDate "2012.??.??"]
[WhiteTeam "Karlsruher SF 1853"]
[BlackTeam "FC Bayern München e.V."]

1. Nf3 Nf6 2. g3 d5 3. Bg2 c6 4. c4 e6 5. O-O Bd6 6. d4 O-O 7. Nc3 Nbd7 8. Bf4
Qc7 9. Bxd6 Qxd6 10. Qb3 dxc4 11. Qxc4 e5 12. Rad1 exd4 13. Nxd4 Qe5 14. e4 Nb6
15. Qe2 Re8 16. h3 Bd7 17. f4 Qc5 18. e5 Rad8 19. Qf2 Nfd5 20. Ne4 Qe7 21. Nd6
Rf8 22. Nxb7 Rb8 23. Na5 Rfc8 24. Ndb3 Na4 25. Nxc6 Bxc6 26. Bxd5 Bxd5 27. Rxd5
Qe6 28. Rd4 Nb6 29. Kh2 h5 30. Rd6 Qf5 31. Nd4 Qh7 32. b3 h4 33. g4 Qe4 34. Re1
Qb7 35. Rd1 Rc3 36. Nf5 g5 37. fxg5 Qc7 38. Nh6+ 1-0

[Event "9. LGA Premium Cup 2012"]
[Site "Nürnberg"]
[Date "2012.09.06"]
[Round "1.60"]
[White "Schlötterer, Hermann"]
[Black "Menacher, Manfred"]
[Result "0-1"]
[WhiteElo "1933"]
[BlackElo "2288"]
[PlyCount "100"]
[EventDate "2012.??.??"]
[WhiteTeam "Spvg Zabo-Eintracht Nürnberg e.V"]
[BlackTeam "TSV Wacker Neutraubling"]

1. d4 Nf6 2. g3 g6 3. Bg2 Bg7 4. e4 d6 5. Nc3 O-O 6. h3 e5 7. Nge2 Nc6 8. Be3
a6 9. a4 Bd7 10. O-O Re8 11. g4 exd4 12. Nxd4 Nxd4 13. Bxd4 Bc6 14. Re1 Nd7 15.
Bxg7 Kxg7 16. Qd2 h6 17. Rad1 Qf6 18. b3 Nc5 19. Re3 Re7 20. Qe2 Rae8 21. Re1
Ne6 22. Qc4 Qd4 23. Bf1 Qxc4 24. Bxc4 Nf4 25. Kh2 h5 26. Kg3 g5 27. gxh5 Nxh5+
28. Kh2 Nf4 29. Rg1 f6 30. Rf3 Kh8 31. Nd5 Bxd5 32. exd5 Rh7 33. Bd3 Rh6 34. c4
a5 35. Bf5 Re5 36. Rxf4 gxf4 37. Be6 Rg5 38. Re1 f3 39. Bd7 f5 40. Rg1 Rxg1 41.
Kxg1 Rxh3 42. Bxf5 Rh4 43. Bc2 Kg7 44. Bd1 Rh3 45. Bc2 Kf6 46. Be4 Ke5 47. Bd3
Rh5 48. Bc2 Kd4 49. Bd1 Rh3 50. Bc2 Kc3 0-1

[Event "9. LGA Premium Cup 2012"]
[Site "Nürnberg"]
[Date "2012.09.06"]
[Round "1.61"]
[White "Holzhäuer, Mathias"]
[Black "Zahn, Alina"]
[Result "1-0"]
[WhiteElo "2274"]
[BlackElo "1884"]
[PlyCount "81"]
[EventDate "2012.??.??"]
[WhiteTeam "SK Schmiden/Cannstatt"]
[BlackTeam "SV Empor Erfurt"]

1. e4 e5 2. Nf3 Nc6 3. Bb5 a6 4. Bxc6 dxc6 5. Nc3 f6 6. Ng1 Be6 7. Nge2 Qd7 8.
d3 Bc5 9. O-O Ne7 10. Kh1 Ng6 11. f4 exf4 12. Nxf4 Bg4 13. Qe1 O-O-O 14. Be3
Bd6 15. h3 Nxf4 16. Bxf4 Be6 17. Ne2 Rdf8 18. Qf2 Kb8 19. Ng3 Bxf4 20. Qxf4 h5
21. Nf5 g6 22. Ne3 g5 23. Qf2 Rfg8 24. Rae1 Rg6 25. Nf5 g4 26. Re3 gxh3 27.
Rxh3 Rhg8 28. Rh2 Rg5 29. Nh4 Rf8 30. Nf3 Rgg8 31. Nd4 Bg4 32. Nf5 Rg5 33. Ne3
Qe6 34. b3 Qd7 35. Rh4 Qe7 36. Qf4 f5 37. g3 Rgg8 38. exf5 Re8 39. f6 Qxe3 40.
f7 Bf3+ 41. Rxf3 1-0

[Event "9. LGA Premium Cup 2012"]
[Site "Nürnberg"]
[Date "2012.09.06"]
[Round "1.62"]
[White "Hirschmann, Jakob"]
[Black "Löw, Gerald"]
[Result "0-1"]
[WhiteElo "1897"]
[BlackElo "2270"]
[PlyCount "98"]
[EventDate "2012.??.??"]
[WhiteTeam "SG Reil-Kinheim"]
[BlackTeam "TSV Bindlach Aktionär-Schachabte"]

1. e4 c5 2. Ne2 g6 3. g3 d5 4. Bg2 dxe4 5. Bxe4 Nf6 6. Bg2 Nc6 7. d3 Bg7 8.
Nbc3 O-O 9. O-O Bf5 10. Be3 Nd4 11. Na4 Nd5 12. Nxc5 Nxe3 13. fxe3 Bg4 14. exd4
Bxd4+ 15. Kh1 Bxc5 16. Rf4 Qd7 17. Qd2 e5 18. Rc4 Be7 19. Nc3 Be6 20. Re4 f6
21. Qe1 Rac8 22. d4 Bf5 23. Re2 Qxd4 24. Bxb7 Rb8 25. Bd5+ Kg7 26. Bb3 Bg4 27.
Re3 Bb4 28. Kg2 Rbd8 29. Rd3 Qb6 30. Bd5 Qa5 31. Bf3 Rxd3 32. cxd3 Bxf3+ 33.
Kxf3 Rd8 34. Rd1 f5 35. Qe3 Bxc3 36. bxc3 Qd5+ 37. Ke2 Qxa2+ 38. Rd2 Qa5 39. d4
Qb5+ 40. Kf2 e4 41. d5 Rxd5 42. Qxa7+ Kh6 43. Qe3+ Kh5 44. Rxd5 Qxd5 45. h4
Qa2+ 46. Kg1 Kg4 47. c4 Qxc4 48. Qf4+ Kh3 49. g4 Qe2 0-1

[Event "9. LGA Premium Cup 2012"]
[Site "Nürnberg"]
[Date "2012.09.06"]
[Round "1.63"]
[White "Schuster, Karsten"]
[Black "Schäfer, Annabelle"]
[Result "1-0"]
[WhiteElo "2266"]
[BlackElo "1904"]
[PlyCount "91"]
[EventDate "2012.??.??"]
[WhiteTeam "SC Gröbenzell"]
[BlackTeam "Sfr.1891 Friedberg"]

1. d4 d5 2. c4 e6 3. cxd5 exd5 4. Nc3 Be7 5. Qc2 c6 6. Nf3 Na6 7. a3 Nc7 8. Bf4
Bg4 9. Bxc7 Qxc7 10. Nxd5 Qa5+ 11. Nc3 Bxf3 12. gxf3 Nf6 13. e3 Nd5 14. Qa4 Bd8
15. b4 Nxc3 16. Qxa5 Bxa5 17. bxa5 Nd5 18. Rc1 Kd7 19. Kd2 b6 20. Bc4 f6 21.
Rc2 Rhc8 22. Rb1 Rc7 23. Rbc1 Rcc8 24. Bxd5 cxd5 25. Rxc8 Rxc8 26. Rxc8 Kxc8
27. axb6 axb6 28. e4 Kd7 29. Kc3 Kc6 30. Kb4 g5 31. exd5+ Kxd5 32. Kb5 Kxd4 33.
Kxb6 Kd3 34. a4 Ke2 35. a5 Kxf3 36. a6 Kxf2 37. a7 f5 38. a8=Q f4 39. Kc5 f3
40. Kd4 g4 41. Qb8 h5 42. Qb2+ Kg1 43. Ke3 h4 44. h3 gxh3 45. Qf2+ Kh1 46. Kxf3
1-0